5HLuxD.jpg

KING HENRY VIII SENIOR AND PRIMARY SCHOOL LIBRARY OPAC

English learners, academic literacy, and thinking : (Record no. 273)

000 -LEADER
fixed length control field 01156cam a2200289 a 4500
001 - CONTROL NUMBER
control field 15592311
003 - CONTROL NUMBER IDENTIFIER
control field OSt
005 - DATE AND TIME OF LATEST TRANSACTION
control field 20190805092057.0
008 - FIXED-LENGTH DATA ELEMENTS--GENERAL INFORMATION
fixed length control field 090121s2009 nhua b 001 0 eng
010 ## - LIBRARY OF CONGRESS CONTROL NUMBER
LC control number 2009002239
020 ## - INTERNATIONAL STANDARD BOOK NUMBER
International Standard Book Number 9780325012032 (alk. paper)
020 ## - INTERNATIONAL STANDARD BOOK NUMBER
International Standard Book Number 0325012032 (alk. paper)
035 ## - SYSTEM CONTROL NUMBER
System control number (OCoLC)ocn276820100
040 ## - CATALOGING SOURCE
Original cataloging agency DLC
Transcribing agency DLC
Modifying agency YDX
-- BTCTA
-- CDX
-- YDXCP
-- DLC
082 00 - DEWEY DECIMAL CLASSIFICATION NUMBER
Classification number 428 GIB
Edition number 22
100 1# - MAIN ENTRY--PERSONAL NAME
Personal name Gibbons, Pauline,
Dates associated with a name 1946-
Relator term author
245 10 - TITLE STATEMENT
Title English learners, academic literacy, and thinking :
Remainder of title learning in the challenge zone /
Statement of responsibility, etc. Pauline Gibbons ; foreword by Jim Cummings.
260 ## - PUBLICATION, DISTRIBUTION, ETC.
Place of publication, distribution, etc. Portsmouth, NH :
Name of publisher, distributor, etc. Heinemann,
Date of publication, distribution, etc. c2009.
300 ## - PHYSICAL DESCRIPTION
Extent xiii, 192 p. :
Other physical details ill. ;
Dimensions 24 cm.
504 ## - BIBLIOGRAPHY, ETC. NOTE
Bibliography, etc. note Includes bibliographical references (p.179-184) and index.
650 #0 - SUBJECT ADDED ENTRY--TOPICAL TERM
Topical term or geographic name entry element English language
General subdivision Study and teaching (Middle school)
650 #0 - SUBJECT ADDED ENTRY--TOPICAL TERM
Topical term or geographic name entry element Language arts (Middle school)
700 ## - ADDED ENTRY--PERSONAL NAME
Personal name Cummings, Jim
Relator term Writer of foreword
906 ## - LOCAL DATA ELEMENT F, LDF (RLIN)
a 7
b cbc
c orignew
d 1
e ecip
f 20
g y-gencatlg
942 ## - ADDED ENTRY ELEMENTS (KOHA)
Source of classification or shelving scheme
Koha item type Books - Non Ficton
Holdings
Withdrawn status Lost status Source of classification or shelving scheme Damaged status Not for loan Collection code Permanent Location Current Location Shelving location Date acquired Full call number Barcode Date last seen Price effective from Koha item type
          Non-Fiction KH8 Senior School Library KH8 Senior School Library Non Fiction 2019-08-05 428 GIB 3KHSL000101032 2019-08-05 2019-08-05 Books - Non Ficton

Powered By KH8 IT Dept